[Event "Novgorod"]
[Site "Novgorod"]
[Date "1997.06.11"]
[Round "1"]
[White "Kramnik, Vladimir"]
[Black "Topalov, Veselin"]
[Result "1-0"]
[WhiteElo "2740"]
[BlackElo "2725"]
[Annotator "Huzman,A"]
[PlyCount "81"]
[EventDate "1997.06.11"]
[EventType "tourn"]
[EventRounds "10"]
[EventCountry "RUS"]
[EventCategory "19"]
[SourceTitle "CBM 060"]
[Source "ChessBase"]
[SourceDate "1997.09.29"]
[SourceVersion "1"]
[SourceVersionDate "1997.09.29"]
[SourceQuality "1"]

1. Nf3 Nf6 2. c4 g6 3. Nc3 Bg7 4. e4 d6 5. d4 O-O 6. Be2 e5 7. O-O Na6 8. Be3
Ng4 9. Bg5 f6 10. Bc1 (10. Bh4) 10... Kh8 (10... Qe8 11. h3 Nh6 12. dxe5 dxe5
13. b3 (13. Be3 c6 14. a3 Nf7 15. b4 Qe7 16. Qc1 Be6 17. Rd1 Rfc8 18. Nd2 Bh6
19. Bxh6 Nxh6 20. c5 $14 {1/2-1/2 Illescas Cordoba,M-Magem Badals,J/Pamplona
1991 (46)}) 13... Be6 14. Ba3 Rf7 15. Qc2 Bf8 16. Bxf8 Qxf8 17. a3 Rd7 18. b4
$5) (10... Nh6 11. dxe5 (11. Rb1 c6 (11... exd4 12. Nxd4 Nc5 13. Be3 Re8 14.
Nb3 Ne6 15. Qd2 Nf7 16. Rbd1 b6 17. f3 Bb7 18. Rfe1 $14 {1-0 Gausel,E-Sanden,S/
Rilton Cup96/97 1996 (30)}) 12. b4 Nc7 13. d5 Nf7 14. Qb3 cxd5 15. Nxd5 Nxd5
16. cxd5 f5 17. Nd2 f4 18. b5 g5 19. f3 h5 20. h3 Kh7 21. Nc4 Rh8 22. Qd1 Bd7
23. Ba3 Qe7 24. b6 $36 {1-0 Baigorri Navarro,F-Llanes Luno,P/Zaragoza open
1992 (40)}) (11. h3 Nf7 12. a3 c6 13. Be3 f5 14. dxe5 dxe5 15. Qxd8 Rxd8 16.
Rad1 Rxd1 17. Rxd1 f4 18. Bc1 Be6 19. b4 Nc7 20. Bb2 Kf8 21. a4 b6 22. b5 cxb5
23. axb5 Ke8 24. Na4 Rd8 $11 {1/2-1/2 Nikolic,G-Schumi,M/Oberwart op 1991 (48)}
) 11... dxe5 12. Qxd8 (12. h3 c6 13. Be3 Nf7 14. c5 Nc7 (14... Be6 15. Qa4 Qc8
16. Rad1 Rd8 17. Rxd8+ Nxd8 18. Rd1 Nf7 19. Nd2 Nc7 20. Nc4 $14 {1-0 Boensch,
U-Fecht,H/BL 1991 (34)}) 15. b4 Qe7 16. Qb3 Be6 17. Bc4 Bxc4 18. Qxc4 Qe6 19.
Qxe6 Nxe6 20. Rfd1 Rfd8 $11 {1/2-1/2 Arlandi,E-Timoshchenko,G/Mitropa Cup
ITA-SVK 1995 (23)}) 12... Rxd8 13. Nd5 Nf7 14. Be3 Kf8 15. Rfd1 c6 16. Nc3
Rxd1+ 17. Rxd1 Ke7 $11 {Tisdall,J-Timoshchenko,G/Cappelle op 1993/1/2-1/2 (72)}
) 11. h3 (11. c5 exd4 12. Nxd4 f5 13. exf5 Nxh2 14. Kxh2 Qh4+ 15. Kg1 Qxd4 16.
cxd6 Bxf5 17. Bxa6 bxa6 18. dxc7 Qh4 19. Be3 Rae8 20. Qa4 $1 $16 {(time) 1-0
Hutters,T-Gofshtein,L/Groningen op 1993 (32)}) 11... Nh6 12. dxe5 dxe5 (12...
fxe5 13. Be3 Nf7 14. Qd2 Nc5 15. Ng5 (15. Bxc5 dxc5 $10) 15... Nxg5 16. Bxg5
Bf6 17. Be3 Ne6 18. Bg4 $1 $14 {Karpov-Kasparov,1990}) 13. Qxd8 (13. Be3 $143
Nf7 14. Qxd8 Nxd8 {[%csl Rd4][%cal Yd8e6]}) 13... Rxd8 14. Be3 Be6 15. a3 (15.
Rfd1 Nf7 16. a3 {[%cal Yb2b4]} Bh6 17. Bxh6 Nxh6 18. b4 c6 $14 {/=}) 15... Nf7
16. b4 {[%cal Gc4c5]} c6 (16... Bh6 17. Nd5 $1 (17. c5 Bxe3 18. fxe3 c6) (17.
b5 Bxe3 18. bxa6 Bb6 19. axb7 Rab8 20. Rab1 Nd6) (17. Bxh6 Nxh6 18. Nd5 Kg7 19.
b5 Bxd5 (19... Nc5 20. Nxc7 Rac8 21. Nxe6+ Nxe6 $44 {[%csl Yc5,Yd4]}) 20. cxd5
Nc5 21. Rfc1 b6 $11 {[%cal Yh6f7,Yf7d6]}) 17... Bxe3 18. fxe3 Kg7 (18... Nd6
19. Nxf6 (19. b5 Nc5 20. Nxc7 Rac8 $17) 19... Bxc4 20. Bxc4 Nxc4 21. b5 $16 {
[%cal Ga1c1,Gc1c7]}) (18... f5 19. b5 Bxd5 20. cxd5 Nc5 21. exf5 gxf5 22. Rac1
b6 23. Nh4 $16) 19. c5 $1 Bxd5 20. exd5 Rxd5 21. Bc4 Rdd8 22. c6 $1 $16) 17.
Rfd1 Rxd1+ (17... Bh6 $5 $11 18. Rxd8+ $140 Rxd8 19. Bxa7 Ra8) 18. Rxd1 Nc7 19.
Nd2 {[%cal Gd2b3,Gb3a5]} Bf8 {[%cal Ya7a5]} (19... Bh6 20. Bxh6 Nxh6 21. Nb3 b6
22. Rd6) 20. Rb1 $1 {[%cal Ya3a5,Yd2b3,Yb3a5]} b6 $6 (20... f5 $142 $1 21. exf5
(21. Nb3 b6) 21... gxf5 22. f4 Bh6 23. g3 {[%cal Gg1f2]} Bg7 $132) 21. c5 $1 b5
22. a4 bxa4 (22... a6 23. Nb3 {[%cal Gb3a5]} Bxb3 24. Rxb3 $14 Bh6 $140 25.
Bxh6 Nxh6 26. Ra3 Kg7 (26... Nf7 27. Bg4) 27. axb5 axb5 28. Rxa8 Nxa8 29. Nxb5
cxb5 30. Bxb5 $16) 23. Nxa4 (23. Nc4 Nb5 24. Nxa4 Bxc4 25. Bxc4 Na3 26. Rc1
Nxc4 27. Rxc4 Rb8 $11) (23. Bc4 $5 Rb8 24. Bxe6 Nxe6 25. Nxa4 f5 26. f3 $14)
23... f5 24. exf5 (24. Nc4 fxe4 $132 {[%csl Rd5]}) (24. f3 $5) 24... gxf5 25.
Nc4 {[%cal Gc4a5]} Nd5 26. Bd2 e4 27. Na5 Rc8 (27... Ne5 $142 28. Ba6 {[%cal
Ga6b7]} Rb8 29. Bb7 $140 Nc4 30. Nxc4 Rxb7) 28. Ba6 Rc7 29. Nc3 Nxc3 (29... Bg7
30. Ne2 $1 {[%cal Ge2f4]} Bc8 31. Bxc8 Rxc8 32. Ng3 Ne7 33. Bf4 {[%cal Gb1d1]}
Rd8 34. Nh5 $36) 30. Bxc3+ Bg7 31. Bd2 Ba2 32. Rc1 (32. Rd1 $1 Rd7 33. Bc8 Rd3
34. Kf1 Bh6 35. Ke1 $16) 32... Be5 33. Nc4 (33. Bc4 Bxc4 34. Nxc4 Kg7 35. Nxe5
$140 Nxe5 36. Bf4 Nd3 $17) 33... Bxc4 34. Bxc4 Kg7 35. b5 cxb5 36. Bxb5 Bd4 $2
(36... Re7 $142 37. c6 Bc7 38. Bc3+ Kg6 39. Rd1 $16) 37. c6 Kf6 38. Rd1 Be5 (
38... Ke5 39. g3 $1 $18) (38... Rc8 $8 39. Ba5 Nd6 (39... Bb6 40. Bc3+ $16 {
[%cal Yd1d7]}) (39... Be5 40. Rd7 a6 41. Ba4 $16) 40. Rxd4 Nxb5 41. Rd5 a6 42.
c7 $1 $18) 39. Ba5 Re7 40. Bc4 $1 $18 {[%cal Gd1d7]} f4 (40... Nd6 41. Bd8 $1
Nxc4 42. Rd7 $18) 41. Rd7 1-0

[Event "Dortmund SuperGM 25th"]
[Site "Dortmund"]
[Date "1997.07.06"]
[Round "3"]
[White "Gelfand, Boris"]
[Black "Topalov, Veselin"]
[Result "1/2-1/2"]
[WhiteElo "2695"]
[BlackElo "2745"]
[Annotator "Huzman,A"]
[PlyCount "86"]
[EventDate "1997.07.04"]
[EventType "tourn"]
[EventRounds "9"]
[EventCountry "GER"]
[EventCategory "18"]
[SourceTitle "CBM 060"]
[Source "ChessBase"]
[SourceDate "1997.09.29"]
[SourceVersion "1"]
[SourceVersionDate "1997.09.29"]
[SourceQuality "1"]

1. d4 Nf6 2. Nf3 g6 3. c4 Bg7 4. Nc3 O-O 5. e4 d6 6. Be2 e5 7. Be3 c6 8. d5 Na6
9. O-O Ng4 10. Bg5 f6 11. Bh4 c5 (11... h5 12. Ne1 Nh6 13. f3 Nf7 14. Nd3 c5
15. a3 Bh6 16. Bf2 Bd7 17. b4 b6 18. bxc5 Nxc5 19. Nxc5 bxc5 20. Qc2 Rb8 21.
Rfb1 $14 {Tunik,G-Doroshkievich,V/Krasnodar 1991/1-0 (72)}) 12. Ne1 (12. Nd2
Nh6 13. g4 (13. a3 Qe8 14. Bd3 f5 15. Bc2 Bf6 16. Ba4 Qe7 17. Bxf6 Rxf6 18. Bb5
f4 19. Bxa6 bxa6 20. f3 g5 $132 {Li Wenliang-Ye Jiangchuan/Beijing Tan Chin
Cup 1995/1/2-1/2 (48)}) 13... Nf7 14. a3 Bd7 15. Rb1 Nc7 16. b4 b6 17. Kg2 Bh6
18. h3 Rb8 19. Qc2 Qe7 20. Rb2 Bg5 21. Bxg5 Nxg5 22. bxc5 dxc5 23. Qd3 Nf7 24.
a4 a5 25. Rfb1 Qd6 $11 {1/2-1/2 Gschnitzer,O-Vogt,L/Wildbad 1990 (30)}) 12...
h5 (12... Nh6 13. Nd3 Nf7 14. Bg4 h5 15. Bxc8 Rxc8 16. f4 Nb4 17. f5 g5 18. Be1
g4 19. Nf2 Ng5 20. a3 Na6 21. h3 $16 {1-0 Ostenstad,B-Kozakov,M/Arnold mem,
Gausdal NOR 1997 (40)}) 13. a3 Qe7 14. Rb1 {[%cal Gb2b4]} b6 (14... Nh6 $5 15.
f3 g5 16. Bf2 f5 17. b4 b6 $132) 15. b4 Bd7 16. Nd3 g5 17. Bg3 f5 $5 18. h3 Nf6
19. bxc5 $1 (19. Bxh5 f4 20. Bh2 cxb4 21. axb4 (21. Nxb4 Nxh5 22. Qxh5 Nc5 $44)
21... Nxh5 22. Qxh5 Rac8 {[%csl Rc4]}) 19... Nxc5 20. Nxc5 bxc5 21. Bxh5 Nxh5
22. Qxh5 Be8 23. Qf3 (23. Qe2 f4 24. Bh2 f3 $132) 23... f4 24. Bh2 Bf6 {
[%cal Ye7h7,Ye8h5,Yg5g4]} 25. g4 $6 (25. Qe2 $5 {[%cal Gf2f3,Gc3d1,Gd1f2,Gf2g4]
}) 25... Qh7 $1 {[%cal Yf6d8,Yd8a5]} 26. Nb5 Rd8 27. Kg2 Rd7 $1 {[%cal Yf6d8,
Yd8b6]} 28. Qe2 Bd8 29. f3 Ba5 30. Rb3 Rf6 31. Qb2 Rb7 32. Rh1 (32. Nxd6 $1
Rxb3 33. Qxe5 $16 {[%cal Ge5f6,Ge6e8]}) 32... Rb6 {[%cal Yh7b7]} 33. Nc3 Bg6
34. Rf1 (34. Na4 $2 Rxb3 35. Qxb3 Bxe4 36. fxe4 Qxe4+ 37. Qf3 Qxc4 $19) 34...
Qh4 35. Rxb6 axb6 36. Nb5 Bf7 37. Qf2 Qh7 38. Rh1 Be8 39. Qb2 Bxb5 40. Qxb5 Qh4
41. Qe8+ Kg7 42. Qe7+ Kg6 43. Qe8+ (43. Rb1 Be1 44. Rb2 Ba5 $132 {[%cal Yh4e1]}
) 43... Kg7 1/2-1/2

[Event "WchT 4th"]
[Site "Luzern"]
[Date "1997.10.31"]
[Round "7.1"]
[White "Kortschnoj, Viktor Lvovich"]
[Black "Yermolinsky, Alex"]
[Result "1/2-1/2"]
[WhiteElo "2610"]
[BlackElo "2650"]
[Annotator "Huzman,A"]
[PlyCount "61"]
[EventDate "1997.10.25"]
[EventType "team-tourn"]
[EventRounds "9"]
[EventCountry "SUI"]
[SourceTitle "CBM 062"]
[Source "ChessBase"]
[SourceDate "1998.01.31"]
[SourceVersion "1"]
[SourceVersionDate "1998.01.31"]
[SourceQuality "1"]
[WhiteTeam "Switzerland"]
[BlackTeam "US of America"]
[WhiteTeamCountry "SUI"]
[BlackTeamCountry "USA"]

1. d4 Nf6 2. c4 g6 3. Nc3 Bg7 4. e4 d6 5. Be2 O-O 6. Nf3 e5 7. O-O exd4 8. Nxd4
Re8 9. f3 c6 10. Kh1 a6 11. Bg5 h6 12. Bh4 Nbd7 13. Qc2 Qc7 14. Rad1 b5 15.
cxb5 cxb5 16. Bg3 (16. Qd2 $142 Bb7 17. Nc2 Re6 18. Rc1 Qd8 19. Bf2 d5 20. Nd4
Re8 21. Nxd5 Nxd5 22. exd5 Nf6 23. Rfd1 Qxd5 24. a4 Rad8 25. axb5 Ng4 26. Bg1
Bxd4 27. Qxd4 Qxd4 28. Rxd4 Rxd4 29. bxa6 Rdd8 30. axb7 Rxe2 {Vladimirov,
E-Yermolinsky,A/Tashkent 1987/EXT 87/1-0 (78)}) 16... b4 17. Na4 Qxc2 18. Nxc2
d5 {[%cal Ye8e2]} 19. Nxb4 dxe4 20. Nc3 Bb7 (20... e3 21. Ncd5 Nxd5 22. Nxd5
$16 {[%csl Re3][%cal Gd5c7,Gd5e3]}) 21. fxe4 (21. Nxe4 $5 a5 (21... Bxe4 22.
fxe4 Nxe4 (22... a5 23. Na6 $36 {[%cal Ga6c7]}) 23. Bxa6 (23. Bc7 Ndf6 {
[%cal Ye8e2]} 24. Nxa6 Nc3 25. bxc3 Rxe2 $44) (23. Rxd7 Nxg3+ 24. hxg3 Rxe2 25.
Rfxf7 Bxb2 $11) 23... Nxg3+ 24. hxg3 $16) (21... Nxe4 22. fxe4 Nc5 23. Bc4 $16)
22. Nc2 (22. Nd3 Bxe4 23. fxe4 Nxe4 $11) 22... Rac8 (22... Bxe4 23. fxe4 Nxe4
24. Bb5 Nxg3+ 25. hxg3 Rec8 26. Rxd7 Rxc2 27. Rfxf7 $40) (22... Nxe4 23. fxe4
Nc5 24. Bc4 $1 $16) 23. Na3 {[%cal Ga3c4,Ga3b5,Gc4d6,Gb5d6]} Bxe4 24. fxe4 Rxe4
(24... Nxe4 $2 25. Bb5 $16) (24... Nc5 25. Bb5 (25. e5 Nfe4 $11) 25... Rxe4 26.
Nc4 $16) 25. Bf3 Re6 (25... Rb4 26. b3 $14) 26. Nb5 Rb6 27. a4 $36) 21... a5 (
21... Nc5 22. e5 Nfe4 23. Nxe4 Nxe4 24. Rd7 Nxg3+ 25. hxg3 $16) 22. Nc2 (22.
Nbd5 $1 Nxd5 (22... Nxe4 23. Bb5 Nxg3+ 24. hxg3 $16 {[%cal Gb5e8]}) 23. exd5 $1
(23. Nxd5 Bxd5 24. Rxd5 Nf6 25. Bb5 Re6 26. Bc4 (26. Rd3 Nxe4 $11) 26... Nxd5
27. Bxd5 Rae8 $11) 23... Bxc3 24. Bb5 Bxb2 25. Bxd7 Red8 26. Bc6 $16) 22... Nc5
23. Bb5 (23. e5 Nfe4 24. Nxe4 Nxe4 $1 (24... Bxe4 25. Ne3 Bxe5 26. Bb5 $1 Re7
27. Bxe5 Rxe5 28. Ng4 Re7 (28... Rg5 $2 29. Nf6+ Kg7 30. Nxe4 Nxe4 31. Bc6 $18)
29. Nxh6+ Kg7 30. Ng4 Rb8 31. a4 $14) 25. Rd7 Bc8 26. Rdxf7 Nxg3+ 27. hxg3 Be6
$11) 23... Red8 24. e5 Nfe4 25. Bc4 (25. Nxe4 Nxe4 26. Bc4 Rxd1 27. Bxf7+ Kf8
28. Rxd1 Nxg3+ 29. hxg3 Kxf7 30. Rd7+ Kf8 31. Rxb7 Bxe5 $11) 25... Nxg3+ 26.
hxg3 Ne6 $1 $11 27. Bxe6 fxe6 28. Nd4 Bxe5 29. Nxe6 Rxd1 30. Rxd1 Re8 31. Nf4
1/2-1/2

[Event "FIDE-Wch k.o."]
[Site "Groningen"]
[Date "1997.12.11"]
[Round "2.1"]
[White "Granda Zuniga, Julio E"]
[Black "Shirov, Alexei"]
[Result "0-1"]
[WhiteElo "2625"]
[BlackElo "2700"]
[Annotator "Huzman,A"]
[PlyCount "82"]
[EventDate "1997.12.09"]
[EventType "k.o."]
[EventRounds "7"]
[EventCountry "NED"]
[SourceTitle "CBM 063"]
[Source "ChessBase"]
[SourceDate "1998.03.26"]
[SourceVersion "1"]
[SourceVersionDate "1998.03.26"]
[SourceQuality "1"]

1. d4 Nf6 2. Nf3 g6 3. c4 Bg7 4. Nc3 O-O 5. e4 d6 6. Be2 e5 7. Be3 c6 8. O-O
exd4 9. Bxd4 Qe7 10. Nd2 (10. Qc2 Nbd7 11. Rfe1 Nc5 (11... a6 12. Rad1 b5 13.
b4 Bb7 14. Bf1 Rfd8 15. a3 Ne5 16. Nxe5 dxe5 17. Bc5 Qe8 18. a4 $14 {1-0
Uhlmann,W-Portisch,L/Skopje/Ohrid 1968 (24)}) 12. Bf1 Ne6 13. Be3 Ng4 14. Bc1
Nd4 15. Qd1 Nxf3+ 16. Qxf3 Bd4 17. Nd1 f5 $36 {1/2-1/2 Newerovski,G-Odessky,I/
RUS-chT 1993 (42)}) 10... Re8 11. Re1 Na6 12. h3 (12. Bf1 $5) 12... b6 $1 {
[%cal Yc8b7,Ya6c5,Yd6d5]} 13. a3 Bb7 14. Bd3 $6 (14. Qc2 Nc5 15. Bf1 Ne6 16.
Be3 d5 $11 {/=/+}) 14... Nc5 15. Bf1 (15. Bc2 Ne6 16. Be3 d5 17. exd5 cxd5 $15)
15... Ne6 16. Be3 d5 $15 {/-/+After opening of the position the fianchetting
black bishops begin to make strong pressure on the position of the white.} 17.
exd5 (17. e5 Nd7 (17... d4 18. exf6 Bxf6 19. Nde4 Bg7 (19... dxe3 20. Nxf6+
Qxf6 21. Rxe3 Rad8 $15) 20. Bd2 dxc3 21. Bxc3 Rad8 $15) 18. cxd5 cxd5 19. Nf3
Nxe5 20. Nxe5 Bxe5 21. Bb5 d4 $5 (21... Rec8) 22. Bxe8 dxe3 $17) 17... cxd5 18.
Bd4 (18. cxd5 Nxd5 19. Nxd5 Bxd5 20. Bc4 Bxc4 21. Nxc4 b5 $17) 18... Rad8 (
18... Qd8 $5 19. Bxf6 Bxf6 20. cxd5 Bxc3 21. bxc3 Bxd5 $15) 19. cxd5 Nxd5 20.
Nxd5 Bxd5 21. Bxg7 Kxg7 {[%cal Yd8d1]} 22. Re5 $2 (22. Qc2 $142 Qf6 {[%cal
Ye6f4,Ye6d4]} (22... Rc8 23. Qa4 Bc6 24. Qb4 $11) 23. Rac1 Nf4 24. g3 $15)
22... Qf6 23. Qe1 Nc7 $15 24. Rxe8 Rxe8 25. Qc1 Ne6 $36 {[%csl Ra1][%cal Ye6f4,
Yf6g5]} 26. Qc3 Qxc3 27. bxc3 Rc8 28. c4 Bc6 {[%csl Ra3,Rc4]} 29. a4 $6 {
[%cal Ga4a5]} a5 $1 30. Nb1 Kf6 31. Nc3 Ke5 {[%cal Ye5d4]} 32. Rb1 Rb8 {
[%cal Ye6c5]} 33. Nd5 (33. g3 Kd4 34. Nb5+ Bxb5 35. cxb5 Nc5 36. Rc1 Re8 $17 {
[%csl Ra4,Rb5,Rf1]}) 33... Bxd5 34. cxd5 Kxd5 35. Rd1+ Nd4 $17 36. Rc1 Rb7 37.
g4 Rd7 38. Kg2 Kd6 {[%cal Yd7c7]} 39. f4 Rc7 40. Rd1 Rc2+ 41. Kg3 Kc5 0-1

[Event "Dresden zt 1.2"]
[Site "Dresden"]
[Date "1998.05.02"]
[Round "5"]
[White "Kortschnoj, Viktor Lvovich"]
[Black "Smirin, Ilia"]
[Result "0-1"]
[WhiteElo "2625"]
[BlackElo "2590"]
[Annotator "Smirin,I"]
[PlyCount "102"]
[EventDate "1998.04.28"]
[EventType "swiss"]
[EventRounds "11"]
[EventCountry "GER"]
[SourceTitle "CBM 065"]
[Source "ChessBase"]
[SourceDate "1998.08.06"]
[SourceVersion "1"]
[SourceVersionDate "1998.08.06"]
[SourceQuality "1"]

1. d4 Nf6 2. c4 g6 3. Nc3 Bg7 4. e4 d6 5. Be2 O-O 6. Nf3 e5 7. O-O Na6 8. Be3
Ng4 9. Bg5 Qe8 10. d5 f5 11. Nd2 (11. Ne1 Nf6 12. f3 h6 13. Bd2 g5 14. Nd3 Qg6
15. Nf2 f4 16. b4 h5 17. c5 dxc5 18. Bxa6 bxa6 19. bxc5 g4 20. Kh1 Nh7 21. d6
c6 22. Qa4 Bd7 23. Rab1 g3 24. Nd3 Qf6 25. h3 Qh4 {0-1 Nikolic,G-Antic,D/
JUG-chT 1995/EXP 48}) 11... h6 12. Bh4 g5 (12... Nf6 13. f3 g5 14. Bf2 f4 15.
g4 fxg3 16. hxg3 Qg6 17. g4 h5 18. Kg2 Bd7 19. a3 Rad8 20. b4 Kf7 21. c5 Nb8
22. cxd6 cxd6 23. Bxa7 Ke7 24. Rc1 Rh8 {0-1 Fyllingen,R-Chekhov,V/Gausdal Int
1991/CBM 25 (40)}) 13. Bg3 Nf6 (13... h5 14. exf5 Bxf5 (14... Nf6 15. h4) 15.
Nde4 Qg6 16. h3 Bxe4 17. hxg4 h4 18. Nxe4 Qxe4 19. f3 Qd4+ 20. Bf2 $14) 14. f3
f4 15. Bf2 Qg6 (15... h5 16. b4 $1 g4 (16... Nxb4 17. c5 $44) 17. c5 Qg6 18.
Bh4 $16) 16. Kh1 $1 g4 17. fxg4 Nxg4 18. Bg1 Rf7 19. Nf3 (19. b4 $5 Nxb4 20. c5
$44) 19... Bf6 20. Re1 $1 Rg7 21. Bf1 Nc5 22. b4 (22. h3 Ne3 23. Bxe3 fxe3 24.
Rxe3 a5 $1 $44) 22... Nd7 23. c5 (23. h3 $142 Ne3 24. Bxe3 fxe3 25. Rxe3 Be7 {
/\ Nd7-f6-h5<=>}) 23... Bd8 $1 {/\ Nd7-f6-h5-g3} (23... Be7 24. Nb5) 24. h3 Ne3
$8 (24... Ngf6 $2 25. Nh4 {/\ 26.Nf5}) (24... h5 $2 25. Rc1) (24... Ndf6 25.
hxg4 Bxg4 26. Bh2 $1 Nh5 27. Qd3 Ng3+ 28. Bxg3 fxg3 29. Ng1 $1 $18) 25. Bxe3
fxe3 26. c6 (26. Rxe3 Nf6 27. Rc1 Nh5 28. Rc2 $13) 26... Nf6 27. cxb7 $2 (27.
Rxe3 Nh5 28. Rc1 bxc6 29. dxc6 Be6 (29... Nf4 $2 30. Nxe5) 30. Rc2 Kh8 $1 $13 (
30... Nf4 $6 31. Nd5 Nxd5 32. exd5 Bf5 33. Rc4 $1 $16)) 27... Bxb7 28. Rxe3 Nh5
29. Ne2 (29. b5 $142 $5) 29... c6 $1 30. g4 (30. dxc6 Bxc6 31. Qc2 Bb7 {
/\ 32... Bb6}) 30... cxd5 $1 (30... Nf4 31. Nxf4 exf4 32. Re2) (30... Nf6 31.
dxc6 Bxc6 32. Qxd6 Bxe4 33. Bg2) 31. gxh5 Qxh5 32. Nfg1 {/\ Re3-g3} (32. Nh2
Qh4 $3 (32... Bh4 $2 33. Ng4 d4 34. Rg3 $1 Bxe4+ 35. Bg2 $18) 33. Qb3 $1 (33.
Qe1 d4 34. Rg3 (34. Qxh4 Bxh4 35. Rb3 Bxe4+ 36. Nf3 Kh8 $1 37. Kh2 (37. Bg2
Rag8 38. Nxh4 (38. Rg1 Bf2) 38... Rxg2 $1 39. Nxg2 Rxg2 40. Rc1 Rxe2+ $19)
37... Bf2 $1 (37... Rf8 38. Bg2 Rfg8 39. Bh1 $1 Bf2 40. Rf1) 38. Bg2 (38. Nd2
Bd5) 38... Rag8 39. Bh1 d3 40. Nc3 Bb7 $19) 34... Qxe4+ 35. Nf3 (35. Bg2 Qxg2+
$1 36. Rxg2 Rxg2) 35... Bh4 $1 36. Rxg7+ Kxg7 $19) (33. exd5 Bb6 34. Rf3 Kh8 $1
35. Qe1 Rag8 $1 36. Qxh4 Rg1+) 33... Kh8 $1 (33... Bb6 34. Rg3 Qxe4+ 35. Bg2
Qxe2 36. Bxd5+ $18) 34. Rg3 Qxe4+ 35. Qf3 d4 $5 36. Qxe4 Bxe4+ 37. Bg2 d5 $44)
32... Bh4 $1 $19 (32... d4 $2 33. Rg3 Bxe4+ 34. Bg2 $18) 33. Nf3 $2 (33. Bg2
Qg5 $19) (33. exd5 Rf8 $40) 33... Bf2 34. Qb3 Kh8 $1 35. exd5 Bxe3 36. Qxe3
Bxd5 37. Neg1 Rag8 38. Kh2 e4 39. Rd1 exf3 40. Rxd5 Qxd5 41. Qxh6+ Rh7 42. Qf6+
Rgg7 43. Nxf3 Qxa2+ 44. Kh1 Qf7 45. Qc3 Qf5 46. Kh2 Qf4+ 47. Kh1 Qg4 48. Qc6
Rxh3+ 49. Bxh3 Qxh3+ 50. Nh2 Qe6 51. Nf3 Qg4 0-1

[Event "Tilburg Fontys"]
[Site "Tilburg"]
[Date "1998.10.29"]
[Round "6"]
[White "Piket, Jeroen"]
[Black "Topalov, Veselin"]
[Result "1/2-1/2"]
[WhiteElo "2605"]
[BlackElo "2700"]
[Annotator "Huzman,A"]
[PlyCount "94"]
[EventDate "1998.10.23"]
[EventType "tourn"]
[EventRounds "11"]
[EventCountry "NED"]
[EventCategory "18"]
[SourceTitle "EXT 1999"]
[Source "ChessBase"]
[SourceDate "1998.11.16"]
[SourceVersion "1"]
[SourceVersionDate "1998.11.16"]
[SourceQuality "1"]

1. d4 Nf6 2. Nf3 g6 3. c4 Bg7 4. Nc3 O-O 5. e4 d6 6. Be2 e5 7. O-O Na6 8. Re1
c6 9. Bf1 Bg4 10. d5 c5 11. h3 (11. Bg5 h6 12. Be3 Bd7 13. g3 Ng4 14. Bd2 f5
15. h3 Nf6 16. Nh4 Qe8 17. exf5 gxf5 18. f4 Nh5 $132 {1-0 Brglez,R-Tratar,M/
Ljubljana 1997/CBM 61 ext (46)}) 11... Bd7 12. a3 (12. Bg5 h6 (12... Kh8 13. a3
$6 Qb8 14. Qc2 (14. Bd3 Ng8 15. g4 f6 16. Bd2 Bh6 17. Kh2 Bxd2 18. Qxd2 g5 19.
Ne2 Ne7 20. Ng3 Ng6 $11 {1/2-1/2 Sorokin,M-Quinteros,M/Villa Ballester 1997/
EXT 98 (45)}) 14... Ng8 15. Bd3 f6 16. Bh4 $6 Nh6 17. Rf1 Qd8 18. Nd2 Nf7 19.
Bg3 Bh6 $11 {0-1 Miles,A-Cramling,P/Malmo 1996/CBM 54/[Hazai] (69)}) 13. Be3 (
13. Bd2 Ne8 14. g3 f5 15. Nh4 Qf6 16. exf5 gxf5 17. f4 e4 18. Be3 Nac7 19. Rc1
Rb8 20. b4 cxb4 21. Nb5 a6 22. Nd4 a5 23. Qh5 Qf7 24. Be2 Qxh5 25. Bxh5 b5 $132
{1/2-1/2 Oms Pallise,J-Comas Fabrego,L/ESP-chT 1995/CBM 50 ext (49)}) 13... Nh5
(13... Kh7 14. a3 Ng8 15. Rb1 f5 16. b4 f4 17. Bd2 g5 18. Nh2 Nf6 19. Be2 Rg8
20. Ng4 Bf8 21. Rb3 Rg7 22. Nxf6+ Qxf6 23. Bg4 $16 {1-0 Gligoric,S-Reeve,J/
Montreal 1998/EXT 99 (30)}) 14. Qd2 g5 15. Nh2 Nf4 16. a3 h5 17. Be2 Nxe2+ 18.
Qxe2 g4 19. hxg4 hxg4 20. Nxg4 Qh4 21. f3 f5 22. exf5 Bxf5 23. Ne4 $16 {
1-0 Mitenkov,A-Ziger,S/Katowice 1993/EXT 98 (34)}) (12. g3 Nh5 13. a3 Nc7 14.
b4 b6 15. Bg5 Qe8 16. bxc5 bxc5 17. Qd2 f6 18. Bh6 Qc8 19. Kh2 Bxh6 20. Qxh6
Rb8 $11 {1/2-1/2 Soffer,R-Timoshchenko,G/Berlin 1994/EXT 97 (23)}) (12. Nh2 Nh5
13. g3 Nc7 14. Be2 Rb8 15. a4 a6 16. a5 b5 17. axb6 Rxb6 18. Bxh5 gxh5 19. g4
Bf6 20. Kh1 Bg5 21. Rg1 Kh8 $132 {0-1 Szymanski,A-Obsivac,J/Frydek-Mistek 1997/
EXT 98 (81)}) 12... Kh8 (12... Ne8 13. Rb1 (13. Nh2 Nac7 14. Be3 b6 15. Qd2 Kh8
16. f4 $14 {Krasenkov-Larsson, Sweden 1989/90}) (13. g3 f5 14. Bg2 f4 15. Bd2
h5 16. gxf4 exf4 17. e5 dxe5 18. Nxe5 $36 {1-0 Shariyazdanov,A-Sutovskij,E/
Medellin 1996/Juniors (57)}) 13... f5 14. b4 f4 15. Na4 b6 16. bxc5 dxc5 17.
Bb2 Qe7 18. Bc3 Nd6 19. Nb2 Nc7 20. Nd3 Nf7 21. a4 $16 {1-0 Volke,K-Reschke,S/
BL9293 1993/GER-chT (40)}) 13. b4 Ng8 14. Rb1 Bh6 (14... b6 15. Nb5 Qe7 16. Bg5
f6 17. Bh4 Nh6 18. Bd3 Nf7 19. Nh2 Bh6 20. Nf1 Bg5 {1/2-1/2 Antoniewski,
R-Szelag,M/Augustow 1996/EXT 99 (20)}) 15. Bxh6 (15. Bb2 f6 16. Ba1 Qe7 17. Bd3
Rfc8 18. Bc2 Qe8 19. Qe2 Bf8 20. Nh2 Nh6 21. Nb5 Nf7 22. Ng4 Bg7 23. Ne3 Bh6
24. Bd3 $14 {1/2-1/2 Sokolov,I-Cramling,P/Malmo 1998/CBM 66/[King] (47)}) 15...
Nxh6 16. Qd2 Kg7 17. Rb3 $6 (17. Bd3 {[%cal Gd3c2,Gc2a4]}) 17... b6 18. Bd3 Qe7
19. Bc2 f6 (19... f5 20. exf5 gxf5 (20... Nxf5 21. Ne4 $14) 21. Qg5+ (21. Ne2 {
[%cal Ge2g3,Gg3h5]} Qf6 22. Ng3 Kh8 $132) 21... Qxg5 22. Nxg5 Kg6 23. f4 $36)
20. Rb2 Rac8 {[%cal Yc8c4]} 21. b5 Nc7 22. a4 {[%cal Ga4a5,Ga5b6,Ge1a1,Ga1a7,
Gb2a2]} Nf7 23. a5 Rb8 24. Ra2 Rb7 {[%cal Yb7a7]} 25. axb6 axb6 26. Nh2 Kh8 (
26... f5 27. exf5 gxf5 28. f4 $16) 27. Nf1 Ne8 28. Ra8 Nc7 29. Ra3 Qd8 30. Ng3
Ne8 31. Rea1 Ng7 32. Nce2 (32. Ra7 Qc7) 32... h5 33. Bb1 Kh7 34. Nf1 $6 f5 35.
exf5 Bxf5 {[%cal Yd8h4,Yh4c4]} (35... Nxf5 36. Nfg3 N7h6 37. Ne4 $16 {[%csl
Rd6,Rg5]}) 36. Neg3 (36. Nfg3 Bxb1 37. Rxb1 Qh4 38. Qd3 Ng5 {[%cal Yb7f7,Yf7f2]
}) (36. Bxf5 Nxf5 (36... gxf5 $5) 37. Neg3 Nxg3 (37... Qh4 38. Nxf5 gxf5 39.
Qe2 {[%cal Ga3a7]}) 38. Nxg3 Qh4 39. Qe2 Ng5 40. Ra7 Rff7 $11) 36... Bxb1 37.
Rxb1 Qh4 38. Qd3 (38. Ne3 Ng5 $36 {[%cal Yb7f7]}) 38... Ng5 39. Nd2 {[%cal
Gd2e4]} Rf4 40. Re1 Rbf7 41. Nde4 Nxe4 42. Nxe4 (42. Rxe4 $5 Nf5 43. Rxf4 Qxf4
(43... exf4 44. Nxf5 (44. Ne4 $5 Re7 45. Ra6 $36) 44... Rxf5 45. Ra7+ Kh6 46.
Qc3 Re5 47. Rb7 $36) 44. Ne4 $14 Kg7) 42... Rxe4 $1 43. Rxe4 (43. Qxe4 Qxf2+
44. Kh2 Rf4 45. Qe3 Qb2 (45... Qxe3 46. Rexe3 Rxc4 47. Ra6 Nf5 48. Re1) 46. Ra7
Kh6 {[%cal Yg7f5,Yf5h4,Yf5d4]} 47. Re2 Qb1 48. Rf7 g5 $1 $44 (48... Nf5 49.
Rxf5 Qxf5 50. g3 $18)) 43... Qxf2+ 44. Kh2 Qb2 {[%cal Yf7f2]} 45. Qb3 (45. Re2
Qc1 (45... Qd4 $5) 46. Rc2 Qf4+ (46... Qb1 47. Rca2 Qe1 48. Ra1 Qh4 49. Ra7 $16
) 47. g3 Qd4 $1 $44 48. Qxd4 $140 cxd4) (45. Qc3 Qf2 $44) 45... Qc1 46. Qe3 Qb2
47. Qb3 Qc1 1/2-1/2